| 000 | 00855nas a2200229 454500 | ||
|---|---|---|---|
| 001 | 39545 | ||
| 005 | 20260407193510.0 | ||
| 008 | 260407s1948####ag###########|||spa#d | ||
| 003 | AR-UNSa-BCEJYS | ||
| 040 |
_aAR-UNSa-BCEJYS _bspa _cAR-UNSa-BCEJYS |
||
| 080 |
_a339.9 _xEconomía internacional en general. Relaciones económicas internacionales. Economía mundial |
||
| 245 | 1 | 0 | _aBollettino emerografico di economia internazionale |
| 022 | _a0006-680X | ||
| 264 | 1 |
_aGenova : _bCamera di Commercio, Industria, Artigianato e Agricoltura _c1948 |
|
| 310 | _aFrecuencia: Trimestral | ||
| 041 | _aspa | ||
| 942 | _cSER | ||
| 590 | _aniveau_biblio:s niveau_hierar:1 | ||
| 100 | 1 | _aIstituto di Economia Internazionale | |
| 650 | _aECONOMIA INTERNACIONAL | ||
| 856 | 4 | 1 |
_uhttps://biblioeco.unsa.edu.ar/pmb/images/revistas/R20370.jpg _yImagen de portada _qimage/jpeg |
| 999 |
_c8843 _d8843 |
||